[Event "Warsaw Najdorf Memorial op-B"]
[Site "Warsaw"]
[Date "2022.07.10"]
[Round "2"]
[White "Szyszko, Jan"]
[Black "Kobus, Stanislaw"]
[Result "1/2-1/2"]
[WhiteElo "1706"]
[BlackElo "1427"]
[PlyCount "44"]
[EventDate "2022.07.09"]
[EventType "swiss"]
[EventRounds "9"]
[EventCountry "POL"]
[SourceTitle "CBM 209 Extra"]
[Source "ChessBase"]
[SourceDate "2022.09.30"]
[SourceVersion "1"]
[SourceVersionDate "2022.09.30"]
[SourceQuality "1"]

1. Nf3 g6 2. e4 Bg7 3. d4 d6 4. c4 Nf6 5. Nc3 0-0 6. Be2 c5 7. 0-0 cxd4 8. Nxd4 Nc6 9. Be3 Bd7 10. Rc1 Nxd4 11. Bxd4 Bc6 12. f3 Bh6 13. Rc2 Nh5 14. b4 b6 15. b5 Bb7 16. Nd5 Nf4 17. Nxf4 Bxf4 18. Qd3 f5 19. exf5 Rxf5 20. g3 Be5 21. f4 Bxd4+ 22. Qxd4 e5 1/2-1/2